Present status of correlation of Illinois coals, (Record no. 26604)

MARC details
000 -LEADER
fixed length control field 00918cam a22002531 4500
001 - CONTROL NUMBER
control field gs 28000005
003 - CONTROL NUMBER IDENTIFIER
control field DLC
005 - DATE AND TIME OF LATEST TRANSACTION
control field 20260227111332.0
008 - FIXED-LENGTH DATA ELEMENTS--GENERAL INFORMATION
fixed length control field 790607s1927 ilu s000 0 eng
010 ## - LIBRARY OF CONGRESS CONTROL NUMBER
LC control number gs 28000005
035 ## - SYSTEM CONTROL NUMBER
System control number (OCoLC)5045346
040 ## - CATALOGING SOURCE
Original cataloging agency DLC
Transcribing agency TxCM
Modifying agency DLC
042 ## - AUTHENTICATION CODE
Authentication code premarc
050 00 - LIBRARY OF CONGRESS CALL NUMBER
Classification number QE673
Item number .C8
100 1# - MAIN ENTRY--PERSONAL NAME
Personal name Culver, Harold Eugene,
Dates associated with a name 1883-
245 10 - TITLE STATEMENT
Title Present status of correlation of Illinois coals,
Statement of responsibility, etc. by Harold E. Culver.
260 ## - PUBLICATION, DISTRIBUTION, ETC.
Place of publication, distribution, etc. Urbana, Ill.
-- [Springfield,
Name of publisher, distributor, etc. Jeffersons Printing & Stationery Co.]
Date of publication, distribution, etc. 1927.
300 ## - PHYSICAL DESCRIPTION
Extent 13 p.
410 20 - SERIES STATEMENT/ADDED ENTRY--CORPORATE NAME [OBSOLETE, CAN/MARC], [LOCAL, USA]
Corporate name or jurisdiction name as entry element Illinois State Geological Survey
Title of a work Report of Investigations
Volume number/sequential designation no. 14
500 ## - GENERAL NOTE
General note At head of title: State of Illinois. Department of registration and education. Division of the State Geological Survey.
650 #0 - SUBJECT ADDED ENTRY--TOPICAL TERM
Topical term or geographic name entry element Geology, Stratigraphic
Chronological subdivision Carboniferous.
650 #0 - SUBJECT ADDED ENTRY--TOPICAL TERM
Topical term or geographic name entry element Coal
Geographic subdivision Illinois.
740 0# - ADDED ENTRY--UNCONTROLLED RELATED/ANALYTICAL TITLE
Uncontrolled related/analytical title Correlation of Illinois coals.

No items available.

Powered by Koha